000 00644nam a22001577a 4500
003 OSt
005 20151002145056.0
008 151002b xxu||||| |||| 00| 0 eng d
040 _cRUA
082 _aAVM CHE 1995 B068 Or.1
100 _91776
_aCHEA, BOROMMALINY.
245 _aParasites and parasitic diseases in dog found in phnom penh city, ប៉ារ៉ាស៊ីតនិងជំងឺបង្កឡើងដោយប៉ារ៉ាស៊ីតចំពោះឆ្កែជួបប្រទះនៅភរាជធានីភ្នំពេញ
260 _aPhnom Penh
_bRUA
_c1995
300 _a40p.
_bill.
_c29cm.
942 _2ddc
_cAVM
999 _c1678
_d1678